000 00987nam a2200301 i 4500
001 bg
100 1 _aOber, Józef.
245 0 0 _aInformacja i komunikacja w zarządzaniu /
_cJózef Ober.
260 _aGliwice :
_bWydawnictwo Politechniki Śląskiej,
_c2007.
300 _a99, [5] s. :
_bil. ;
_c24 cm.
490 1 _aMonografia / [Politechnika Śląska] ;
_v119
504 _aBibliogr. s. 97-[100].
546 _aStreszcz. ang. Spis treści także ang.
650 9 _aInformacja
_xzarządzanie
650 9 _aKomunikacja społeczna
650 9 _aPrzedsiębiorstwo
_xorganizacja
650 9 _aZarządzanie
830 0 _aMonografia - Politechnika Śląska
_v119
020 _a9788373354036
040 _cBPK
041 1 _apol
_beng
044 _aPOL
080 _a005:001.102:658.1/.5:316.77
920 _a978-83-7335-403-6
942 _cKS
008 s pl f |000 0 pol
999 _c55227
_d55227
856 _uhttp://koha.tu.koszalin.pl/cgi-bin/koha/opac-detail.pl?biblionumber=55227
_yKatalog online BPK